Every Koenigsegg Car By Picture - Statistics

General Stats
  • This quiz has been taken 185 times
  • The average score is 11 of 16
Answer Stats
Picture Hint Answer % Correct
2020–present Jesko
86%
2010–2018 Agera
85%
1994–2000 CC
83%
2016-2022 Regera
79%
2011–2014 Agera R
76%
2024* Gemera
75%
2020-present Jesko Absolut
75%
2006–2010 CCX
73%
2015–2018 Agera RS
61%
2004–2006 CCR
59%
2013–2014 Agera S
58%
2024* CC850
58%
2007 CCGT
56%
2007 CCXR
56%
2002–2003 CC8S
54%
2014–2015 One:1
50%
No matching quizzes found
Score Distribution
Percent of People with Each Score
Percentile by Number Answered
Your Score History
You have not taken this quiz